[Event "1SM"]
[Site "Sharjah Chess Club"]
[Date "2017.03.30"]
[Round "8.35"]
[White "Viani, Antonio Dcunha"]
[Black "Ashwath, R."]
[Result "0-1"]
[BlackElo "2242"]
[WhiteElo "2410"]
[LiveChessVersion "1.4.8"]

1. e4 {[%clk 1:40:08]} c5 {[%clk 1:40:32]} 2. Nf3 {[%clk 1:40:21]} Nc6
{[%clk 1:40:36]} 3. c3 {[%clk 1:40:38]} Nf6 {[%clk 1:40:15]} 4. e5
{[%clk 1:40:47]} Nd5 {[%clk 1:40:20]} 5. d4 {[%clk 1:40:52]} cxd4
{[%clk 1:40:22]} 6. cxd4 {[%clk 1:41:11]} d6 {[%clk 1:39:47]} 7. exd6
{[%clk 1:41:21]} Qxd6 {[%clk 1:30:57]} 8. Nc3 {[%clk 1:41:15]} g6
{[%clk 1:30:15]} 9. Bc4 {[%clk 1:40:25]} Nxc3 {[%clk 1:27:50]} 10. bxc3
{[%clk 1:39:42]} Bg7 {[%clk 1:27:41]} 11. Ng5 {[%clk 1:35:10]} O-O
{[%clk 1:22:22]} 12. O-O {[%clk 1:31:55]} h6 {[%clk 1:17:17]} 13. Ne4
{[%clk 1:31:15]} Qc7 {[%clk 1:17:24]} 14. Bd3 {[%clk 1:28:32]} Rd8
{[%clk 1:13:20]} 15. Qf3 {[%clk 1:19:23]} Bf5 {[%clk 1:03:42]} 16. g4
{[%clk 1:11:52]} Bxe4 {[%clk 1:02:43]} 17. Bxe4 {[%clk 1:12:13]} Rac8
{[%clk 1:00:50]} 18. h4 {[%clk 1:07:51]} e6 {[%clk 0:49:02]} 19. h5
{[%clk 1:02:58]} g5 {[%clk 0:49:09]} 20. Rb1 {[%clk 0:52:06]} b6 {[%clk 0:44:53]}
21. Bd3 {[%clk 0:49:11]} Ne7 {[%clk 0:37:25]} 22. Qe4 {[%clk 0:40:33]} Qxc3
{[%clk 0:34:12]} 23. Bb2 {[%clk 0:39:12]} Qb4 {[%clk 0:26:40]} 24. f4
{[%clk 0:31:42]} Rxd4 {[%clk 0:24:02]} 25. Qh7+ {[%clk 0:27:37]} Kf8
{[%clk 0:23:56]} 26. Kh1 {[%clk 0:27:40]} Rc3 {[%clk 0:16:02]} 27. Rf3
{[%clk 0:18:43]} Rxf4 {[%clk 0:15:37]} 28. Bxc3 {[%clk 0:17:02]} Qxc3
{[%clk 0:15:52]} 29. Rxf4 {[%clk 0:15:46]} gxf4 {[%clk 0:16:20]} 30. Qe4
{[%clk 0:16:01]} Nd5 {[%clk 0:15:55]} 31. Rd1 {[%clk 0:11:56]} Qf6
{[%clk 0:14:19]} 32. Be2 {[%clk 0:10:36]} Qh4+ {[%clk 0:13:37]} 33. Kg1
{[%clk 0:10:52]} Qg3+ {[%clk 0:13:45]} 34. Kh1 {[%clk 0:11:16]} Qh3+
{[%clk 0:10:59]} 35. Kg1 {[%clk 0:11:40]} Qg3+ {[%clk 0:11:05]} 36. Kh1
{[%clk 0:12:06]} Bf6 {[%clk 0:09:44]} 37. Qf3 {[%clk 0:10:43]} Qh4+
{[%clk 0:10:04]} 38. Kg1 {[%clk 0:10:03]} Nc3 {[%clk 0:08:23]} 39. Rd3
{[%clk 0:09:21]} Nd5 {[%clk 0:06:30]} 40. Qf2 {[%clk 0:08:16]} Qg5
{[%clk 0:06:22]} 41. Qf3 {[%clk 0:07:34]} Be7 {[%clk 0:06:38]} 42. Kf1
{[%clk 0:04:47]} Ne3+ {[%clk 0:06:40]} 43. Rxe3 {[%clk 0:03:10]} fxe3
{[%clk 0:07:04]} 44. Kg2 {[%clk 0:03:18]} Qe5 {[%clk 0:06:35]} 45. Qg3
{[%clk 0:02:31]} Qxg3+ {[%clk 0:06:47]} 46. Kxg3 {[%clk 0:02:57]} Bg5
{[%clk 0:06:38]} 47. Kf3 {[%clk 0:03:03]} f5 {[%clk 0:06:31]} 48. Bd3
{[%clk 0:02:53]} f4 {[%clk 0:06:40]} 49. Bc4 {[%clk 0:02:43]} Ke7
{[%clk 0:07:06]} 50. Ke4 {[%clk 0:03:08]} Kd6 {[%clk 0:07:16]} 51. Be2
{[%clk 0:03:31]} Kc5 {[%clk 0:07:31]} 52. Ba6 {[%clk 0:03:44]} Kb4
{[%clk 0:07:08]} 53. Kd3 {[%clk 0:04:08]} f3 {[%clk 0:07:08]} 54. Ke4
{[%clk 0:04:27]} e2 {[%clk 0:07:30]} 55. Kd4 e5+ 0-1

[Event "1SM"]
[Site "Sharjah Chess Club"]
[Date "2017.03.31"]
[Round "9.1"]
[White "Wang, Hao"]
[Black "Kryvoruchko, Yuriy"]
[Result "1/2-1/2"]
[BlackElo "2708"]
[WhiteElo "2683"]
[LiveChessVersion "1.4.8"]

1. d4 {[%clk 1:40:26]} Nf6 {[%clk 1:40:21]} 2. c4 {[%clk 1:40:51]} e6
{[%clk 1:40:47]} 3. g3 {[%clk 1:41:17]} d5 {[%clk 1:41:02]} 4. Nf3
{[%clk 1:41:32]} Be7 {[%clk 1:40:58]} 5. Bg2 {[%clk 1:41:57]} O-O
{[%clk 1:41:21]} 6. O-O {[%clk 1:42:18]} dxc4 {[%clk 1:41:41]} 7. Qc2
{[%clk 1:41:29]} a6 {[%clk 1:41:45]} 8. a4 {[%clk 1:41:34]} Bd7 {[%clk 1:42:06]}
9. Qxc4 {[%clk 1:41:00]} Bc6 {[%clk 1:42:28]} 10. Bg5 {[%clk 1:41:26]} Bd5
{[%clk 1:42:05]} 11. Qd3 {[%clk 1:41:16]} c5 {[%clk 1:40:48]} 12. Nc3
{[%clk 1:41:24]} Bc6 {[%clk 1:37:08]} 13. Bxf6 {[%clk 1:41:06]} Bxf6
{[%clk 1:34:51]} 14. Rfd1 {[%clk 1:41:16]} cxd4 {[%clk 1:34:01]} 15. Nxd4
{[%clk 1:41:39]} Bxg2 {[%clk 1:33:53]} 16. Kxg2 {[%clk 1:42:03]} Bxd4
{[%clk 1:07:11]} 17. Qxd4 {[%clk 1:42:25]} Qxd4 {[%clk 1:07:34]} 18. Rxd4
{[%clk 1:42:49]} Nc6 {[%clk 1:07:52]} 19. Rd7 {[%clk 1:36:13]} Rab8
{[%clk 1:08:08]} 20. Ne4 {[%clk 1:35:24]} b5 {[%clk 0:54:41]} 21. a5
{[%clk 0:55:29]} Rfd8 {[%clk 0:53:44]} 22. Rc7 {[%clk 0:42:33]} Nb4
{[%clk 0:54:07]} 23. Rac1 {[%clk 0:38:45]} h6 {[%clk 0:52:57]} 24. e3
{[%clk 0:34:02]} Ra8 {[%clk 0:47:15]} 25. b3 {[%clk 0:24:38]} Nd5
{[%clk 0:38:34]} 26. R7c6 {[%clk 0:22:06]} Nb4 {[%clk 0:38:46]} 27. Rc7
{[%clk 0:22:00]} Nd5 {[%clk 0:39:12]} 28. R7c6 {[%clk 0:22:26]} Nb4
{[%clk 0:39:31]} 1/2-1/2

[Event "1SM"]
[Site "Sharjah Chess Club"]
[Date "2017.03.31"]
[Round "9.2"]
[White "Wojtaszek, Radoslaw"]
[Black "Adhiban, B."]
[Result "1/2-1/2"]
[BlackElo "2682"]
[WhiteElo "2745"]
[LiveChessVersion "1.4.8"]

1. d4 {[%clk 1:40:27]} d6 {[%clk 1:40:26]} 2. Nf3 {[%clk 1:40:52]} Nf6
{[%clk 1:40:53]} 3. c4 {[%clk 1:41:16]} g6 {[%clk 1:41:19]} 4. Nc3
{[%clk 1:41:41]} Bg7 {[%clk 1:41:21]} 5. e4 {[%clk 1:42:03]} O-O {[%clk 1:41:41]}
6. Be2 {[%clk 1:42:27]} Nbd7 {[%clk 1:41:33]} 7. O-O {[%clk 1:42:44]} e5
{[%clk 1:41:57]} 8. Be3 {[%clk 1:42:55]} Qe7 {[%clk 1:23:57]} 9. Qc2
{[%clk 1:42:56]} c6 {[%clk 1:19:37]} 10. Rad1 {[%clk 1:42:56]} a6
{[%clk 1:11:00]} 11. Rfe1 {[%clk 1:29:37]} exd4 {[%clk 1:06:53]} 12. Nxd4
{[%clk 1:27:14]} h6 {[%clk 0:51:17]} 13. Bf1 {[%clk 1:11:39]} Ng4
{[%clk 0:45:08]} 14. Bf4 {[%clk 1:11:50]} Nc5 {[%clk 0:43:54]} 15. Qd2
{[%clk 1:02:55]} Qf6 {[%clk 0:31:09]} 16. h3 {[%clk 0:45:03]} Qxd4
{[%clk 0:31:24]} 17. Qxd4 {[%clk 0:45:25]} Bxd4 {[%clk 0:31:50]} 18. hxg4
{[%clk 0:45:01]} Be5 {[%clk 0:31:53]} 19. Bxh6 {[%clk 0:43:42]} Bxg4
{[%clk 0:30:08]} 20. f3 {[%clk 0:42:13]} Be6 {[%clk 0:30:37]} 21. Bxf8
{[%clk 0:36:39]} Kxf8 {[%clk 0:30:55]} 22. Kf2 {[%clk 0:33:40]} Ke7
{[%clk 0:28:56]} 23. g3 {[%clk 0:23:48]} g5 {[%clk 0:29:19]} 24. f4
{[%clk 0:19:22]} gxf4 {[%clk 0:29:26]} 25. gxf4 {[%clk 0:19:49]} Bxf4
{[%clk 0:25:20]} 26. Nd5+ {[%clk 0:20:15]} cxd5 {[%clk 0:25:33]} 27. exd5
{[%clk 0:20:43]} Rg8 {[%clk 0:17:15]} 28. Kf3 {[%clk 0:21:08]} Be5
{[%clk 0:16:31]} 29. dxe6 {[%clk 0:21:33]} f5 {[%clk 0:16:57]} 30. b4
{[%clk 0:14:29]} Rg3+ {[%clk 0:09:04]} 31. Ke2 {[%clk 0:14:53]} Nxe6
{[%clk 0:09:31]} 32. c5 {[%clk 0:13:39]} Nd4+ {[%clk 0:07:57]} 33. Kf2
{[%clk 0:13:41]} Rf3+ {[%clk 0:08:23]} 34. Kg2 {[%clk 0:11:07]} Rg3+
{[%clk 0:08:49]} 35. Kf2 {[%clk 0:11:33]} 1/2-1/2

[Event "1SM"]
[Site "Sharjah Chess Club"]
[Date "2017.03.31"]
[Round "9.5"]
[White "Sethuraman, S.P."]
[Black "Akopian, Vladimir"]
[Result "1-0"]
[BlackElo "2675"]
[WhiteElo "2629"]
[LiveChessVersion "1.4.8"]

1. e4 {[%clk 1:40:14]} e5 {[%clk 1:39:38]} 2. Nf3 {[%clk 1:40:37]} Nc6
{[%clk 1:40:04]} 3. Bb5 {[%clk 1:41:02]} a6 {[%clk 1:38:49]} 4. Ba4
{[%clk 1:41:24]} Nf6 {[%clk 1:39:14]} 5. O-O {[%clk 1:41:22]} Be7
{[%clk 1:39:34]} 6. d3 {[%clk 1:37:06]} b5 {[%clk 1:36:42]} 7. Bb3
{[%clk 1:37:23]} d6 {[%clk 1:37:08]} 8. a3 {[%clk 1:31:55]} O-O {[%clk 1:35:56]}
9. Nc3 {[%clk 1:32:04]} Bg4 {[%clk 1:31:17]} 10. Be3 {[%clk 1:30:58]} Qd7
{[%clk 1:22:48]} 11. h3 {[%clk 1:28:10]} Be6 {[%clk 1:20:32]} 12. Nd5
{[%clk 1:26:40]} Na5 {[%clk 1:17:36]} 13. Ba2 {[%clk 1:25:26]} Nxd5
{[%clk 1:14:37]} 14. exd5 {[%clk 1:25:04]} Bf5 {[%clk 1:15:03]} 15. Rc1
{[%clk 1:10:34]} c6 {[%clk 1:10:33]} 16. b4 {[%clk 1:06:23]} Nb7 {[%clk 1:09:23]}
17. d4 {[%clk 1:03:49]} Bf6 {[%clk 0:58:46]} 18. dxc6 {[%clk 0:50:07]} Qxc6
{[%clk 0:59:03]} 19. c4 {[%clk 0:50:20]} Qe8 {[%clk 0:44:58]} 20. cxb5
{[%clk 0:34:52]} axb5 {[%clk 0:42:18]} 21. Bd5 {[%clk 0:35:09]} Qe7
{[%clk 0:37:14]} 22. Qb3 {[%clk 0:28:12]} Be6 {[%clk 0:34:52]} 23. Rc6
{[%clk 0:27:48]} Nd8 {[%clk 0:27:57]} 24. Rb6 {[%clk 0:27:36]} Bxd5
{[%clk 0:24:51]} 25. Qxd5 {[%clk 0:28:01]} Ne6 {[%clk 0:25:03]} 26. Rb7
{[%clk 0:25:54]} Qd8 {[%clk 0:22:34]} 27. dxe5 {[%clk 0:26:18]} dxe5
{[%clk 0:22:55]} 28. Qxb5 {[%clk 0:26:23]} Rxa3 {[%clk 0:19:50]} 29. Nxe5
{[%clk 0:26:30]} Nc7 {[%clk 0:17:22]} 30. Qc5 {[%clk 0:26:43]} Ne6
{[%clk 0:17:45]} 31. Qc1 {[%clk 0:25:55]} Rxe3 {[%clk 0:10:29]} 32. Qxe3
{[%clk 0:23:46]} Qd5 {[%clk 0:10:49]} 33. Rxf7 {[%clk 0:23:47]} Rxf7
{[%clk 0:10:42]} 34. Nxf7 {[%clk 0:24:10]} Kxf7 {[%clk 0:11:10]} 35. Re1
{[%clk 0:22:33]} Bd4 {[%clk 0:07:35]} 36. Qd2 {[%clk 0:20:23]} h6
{[%clk 0:05:22]} 37. Qc2 {[%clk 0:19:42]} Kf6 {[%clk 0:05:08]} 38. Qd2
{[%clk 0:10:30]} Qc4 {[%clk 0:04:26]} 39. Rb1 {[%clk 0:07:59]} Qb5
{[%clk 0:04:26]} 40. Rb3 {[%clk 0:07:30]} Qc4 {[%clk 0:04:12]} 41. Qd1
{[%clk 0:07:16]} Ng5 {[%clk 0:02:49]} 42. b5 {[%clk 0:01:53]} Ne4
{[%clk 0:03:05]} 43. Qf3+ {[%clk 0:02:17]} Ke5 {[%clk 0:03:24]} 44. Qh5+
{[%clk 0:02:36]} Kd6 {[%clk 0:02:38]} 45. Qg6+ {[%clk 0:02:58]} Bf6
{[%clk 0:01:03]} 46. Re3 {[%clk 0:02:04]} Qc1+ {[%clk 0:00:35]} 47. Kh2
{[%clk 0:02:30]} Nd2 {[%clk 0:00:56]} 48. Qg3+ {[%clk 0:01:16]} Kd5
{[%clk 0:01:16]} 49. Rd3+ {[%clk 0:01:23]} Bd4 {[%clk 0:00:57]} 50. Rxd4+
{[%clk 0:01:28]} Kxd4 {[%clk 0:01:24]} 51. Qxg7+ {[%clk 0:01:07]} Kd5
{[%clk 0:00:43]} 52. Qf7+ {[%clk 0:00:40]} Ke5 {[%clk 0:00:44]} 53. Qh5+
{[%clk 0:00:59]} Kd4 {[%clk 0:01:05]} 54. Qg4+ {[%clk 0:01:03]} Kd5
{[%clk 0:00:59]} 55. Qf5+ {[%clk 0:01:05]} Kd6 {[%clk 0:00:52]} 56. Kg3
{[%clk 0:00:35]} Qc3+ {[%clk 0:00:45]} 57. Kh4 {[%clk 0:00:55]} Nc4
{[%clk 0:00:32]} 58. Kh5 {[%clk 0:00:57]} Ne5 {[%clk 0:00:32]} 59. Qf6+
{[%clk 0:00:59]} Kd5 {[%clk 0:00:54]} 60. f4 {[%clk 0:01:17]} 1-0

[Event "1SM"]
[Site "Sharjah Chess Club"]
[Date "2017.03.31"]
[Round "9.6"]
[White "Mareco, Sandro"]
[Black "Pichot, Alan"]
[Result "1/2-1/2"]
[BlackElo "2556"]
[WhiteElo "2664"]
[LiveChessVersion "1.4.8"]

1. d4 {[%clk 1:40:27]} Nf6 {[%clk 1:40:04]} 2. c4 {[%clk 1:40:54]} e6
{[%clk 1:40:15]} 3. Nc3 {[%clk 1:41:20]} Bb4 {[%clk 1:40:21]} 4. e3
{[%clk 1:41:46]} O-O {[%clk 1:39:39]} 5. Nge2 {[%clk 1:42:12]} c6
{[%clk 1:39:00]} 6. a3 {[%clk 1:42:18]} Ba5 {[%clk 1:39:19]} 7. Qc2
{[%clk 1:40:03]} d5 {[%clk 1:38:53]} 8. Ng3 {[%clk 1:40:29]} Nbd7
{[%clk 1:34:28]} 9. Be2 {[%clk 1:40:53]} e5 {[%clk 1:29:48]} 10. dxe5
{[%clk 1:41:10]} Nxe5 {[%clk 1:30:09]} 11. cxd5 {[%clk 1:41:36]} Nxd5
{[%clk 1:25:59]} 12. Bd2 {[%clk 1:39:56]} Re8 {[%clk 1:22:17]} 13. O-O
{[%clk 1:38:37]} Bxc3 {[%clk 1:15:03]} 14. Bxc3 {[%clk 1:34:40]} Qh4
{[%clk 1:10:23]} 15. Bd4 {[%clk 1:15:11]} Ng4 {[%clk 1:02:27]} 16. Bxg4
{[%clk 1:15:30]} Qxg4 {[%clk 1:00:05]} 17. e4 {[%clk 1:09:08]} Nf4
{[%clk 0:56:07]} 18. f3 {[%clk 1:08:18]} Qg5 {[%clk 0:53:11]} 19. Rfe1
{[%clk 1:08:22]} h5 {[%clk 0:49:14]} 20. Be3 {[%clk 0:45:48]} h4 {[%clk 0:47:17]}
21. Nf1 {[%clk 0:46:06]} Qf6 {[%clk 0:44:30]} 22. h3 {[%clk 0:43:12]} Be6
{[%clk 0:38:21]} 23. Rad1 {[%clk 0:43:20]} Red8 {[%clk 0:34:09]} 24. b4
{[%clk 0:36:19]} Rxd1 {[%clk 0:28:59]} 25. Rxd1 {[%clk 0:36:28]} Nxh3+
{[%clk 0:28:40]} 26. gxh3 {[%clk 0:36:53]} Qxf3 {[%clk 0:29:03]} 27. Re1
{[%clk 0:21:09]} Bxh3 {[%clk 0:29:14]} 28. Qf2 {[%clk 0:21:20]} Qxe4
{[%clk 0:27:52]} 29. Nd2 {[%clk 0:21:32]} Qd5 {[%clk 0:22:56]} 30. Kh2
{[%clk 0:21:39]} Bf5 {[%clk 0:21:35]} 31. Bf4 {[%clk 0:18:52]} h3
{[%clk 0:14:47]} 32. Re5 {[%clk 0:19:04]} Qd7 {[%clk 0:14:03]} 33. Ne4
{[%clk 0:15:55]} Bxe4 {[%clk 0:11:26]} 34. Rxe4 {[%clk 0:16:22]} a5
{[%clk 0:10:58]} 35. Rd4 {[%clk 0:06:57]} Qf5 {[%clk 0:09:03]} 36. bxa5
{[%clk 0:06:40]} Qxa5 {[%clk 0:08:24]} 37. a4 {[%clk 0:04:14]} Re8
{[%clk 0:07:55]} 38. Qd2 {[%clk 0:03:40]} Qa8 {[%clk 0:04:44]} 39. Bh6
{[%clk 0:02:03]} Qb8+ {[%clk 0:04:18]} 40. Kxh3 {[%clk 0:01:48]} Qe5
{[%clk 0:03:10]} 41. Rg4 {[%clk 0:02:05]} Qf5 {[%clk 0:00:57]} 42. Bxg7
{[%clk 0:01:12]} Qf3+ {[%clk 0:01:26]} 43. Kh4 {[%clk 0:01:14]} f5
{[%clk 0:00:43]} 44. Rf4 {[%clk 0:00:42]} Qh1+ {[%clk 0:00:54]} 45. Kg3
{[%clk 0:00:36]} Qg1+ {[%clk 0:00:53]} 46. Kf3 {[%clk 0:00:41]} Qf1+
{[%clk 0:00:34]} 47. Kg3 {[%clk 0:01:05]} Qg1+ {[%clk 0:00:57]} 48. Kf3
{[%clk 0:01:29]} Qxg7 {[%clk 0:00:33]} 49. Rxf5 {[%clk 0:01:30]} Rf8
{[%clk 0:00:51]} 50. Rxf8+ {[%clk 0:01:56]} Qxf8+ {[%clk 0:01:16]} 51. Ke4
{[%clk 0:02:14]} Qe7+ {[%clk 0:01:10]} 52. Kf5 {[%clk 0:02:35]} c5
{[%clk 0:00:40]} 53. Qd5+ {[%clk 0:00:39]} Kf8 {[%clk 0:00:58]} 54. a5
{[%clk 0:01:01]} Qc7 {[%clk 0:00:51]} 55. Qe5 {[%clk 0:00:52]} Qd7+
{[%clk 0:00:33]} 56. Kf4 {[%clk 0:00:59]} Qc6 {[%clk 0:00:39]} 57. Qe4
{[%clk 0:01:08]} Qf6+ {[%clk 0:00:34]} 58. Ke3 {[%clk 0:01:34]} Qe7
{[%clk 0:00:35]} 59. Kd3 {[%clk 0:01:57]} Qd7+ {[%clk 0:00:46]} 60. Kc3
{[%clk 0:02:00]} Qb5 {[%clk 0:00:48]} 61. Qf5+ {[%clk 0:01:09]} Ke7
{[%clk 0:01:10]} 62. Qe5+ {[%clk 0:00:59]} Kd8 {[%clk 0:01:38]} 63. Qd6+
{[%clk 0:01:06]} Kc8 {[%clk 0:02:02]} 64. Qf8+ {[%clk 0:01:33]} Kc7
{[%clk 0:02:21]} 65. Qf4+ {[%clk 0:01:59]} 1/2-1/2

[Event "1SM"]
[Site "Sharjah Chess Club"]
[Date "2017.03.31"]
[Round "9.7"]
[White "Fressinet, Laurent"]
[Black "Maghsoodloo, Parham"]
[Result "1/2-1/2"]
[BlackElo "2576"]
[WhiteElo "2662"]
[LiveChessVersion "1.4.8"]

1. e4 {[%clk 1:40:27]} Nf6 {[%clk 1:36:43]} 2. e5 {[%clk 1:40:40]} Nd5
{[%clk 1:37:06]} 3. d4 {[%clk 1:41:05]} d6 {[%clk 1:37:32]} 4. Nf3
{[%clk 1:41:30]} dxe5 {[%clk 1:37:58]} 5. Nxe5 {[%clk 1:41:55]} c6
{[%clk 1:38:23]} 6. Be2 {[%clk 1:41:49]} Bf5 {[%clk 1:38:18]} 7. O-O
{[%clk 1:41:27]} Nd7 {[%clk 1:37:24]} 8. Nf3 {[%clk 1:41:36]} e6 {[%clk 1:36:34]}
9. c4 {[%clk 1:40:43]} N5f6 {[%clk 1:36:32]} 10. Bf4 {[%clk 1:41:04]} Qb6
{[%clk 1:28:43]} 11. Qb3 {[%clk 1:27:27]} Be7 {[%clk 1:22:08]} 12. Nc3
{[%clk 1:25:17]} O-O {[%clk 1:22:03]} 13. Rfe1 {[%clk 1:17:03]} Rfe8
{[%clk 1:18:42]} 14. h3 {[%clk 1:11:49]} h6 {[%clk 1:17:47]} 15. Bf1
{[%clk 1:09:49]} Nf8 {[%clk 0:57:25]} 16. Qxb6 {[%clk 0:56:28]} axb6
{[%clk 0:57:53]} 17. a3 {[%clk 0:56:51]} N6d7 {[%clk 0:54:59]} 18. Rad1
{[%clk 0:51:37]} h5 {[%clk 0:46:47]} 19. Ne4 {[%clk 0:41:30]} Ng6
{[%clk 0:45:10]} 20. Bh2 {[%clk 0:36:40]} Bxe4 {[%clk 0:43:53]} 21. Rxe4
{[%clk 0:37:08]} Red8 {[%clk 0:44:22]} 22. Ree1 {[%clk 0:35:40]} Nh4
{[%clk 0:42:46]} 23. Be2 {[%clk 0:30:02]} Ra5 {[%clk 0:27:22]} 24. Nxh4
{[%clk 0:24:29]} Bxh4 {[%clk 0:27:39]} 25. Bf3 {[%clk 0:24:46]} Rf5
{[%clk 0:26:09]} 26. Re3 {[%clk 0:18:36]} Rc8 {[%clk 0:14:28]} 27. Re2
{[%clk 0:12:06]} g6 {[%clk 0:09:30]} 28. Be4 {[%clk 0:08:41]} Ra5
{[%clk 0:09:35]} 29. Bd6 {[%clk 0:08:27]} Re8 {[%clk 0:07:47]} 30. Bf3
{[%clk 0:07:52]} Raa8 {[%clk 0:05:28]} 31. d5 {[%clk 0:01:42]} exd5
{[%clk 0:02:14]} 32. cxd5 {[%clk 0:02:02]} Rxe2 {[%clk 0:02:10]} 33. Bxe2
{[%clk 0:02:31]} Re8 {[%clk 0:01:33]} 34. dxc6 {[%clk 0:02:04]} bxc6
{[%clk 0:01:58]} 35. Kf1 {[%clk 0:01:55]} Bf6 {[%clk 0:00:41]} 36. b4
{[%clk 0:02:09]} Ra8 {[%clk 0:00:42]} 37. Bc7 {[%clk 0:00:46]} Nf8
{[%clk 0:00:49]} 38. Bxb6 {[%clk 0:00:55]} Rxa3 {[%clk 0:01:06]} 39. Bf3
{[%clk 0:00:53]} Be7 {[%clk 0:00:32]} 40. Rb1 {[%clk 0:00:45]} Rc3
{[%clk 0:00:37]} 41. Be3 {[%clk 0:00:37]} Ne6 {[%clk 0:00:39]} 42. b5
{[%clk 0:00:36]} cxb5 {[%clk 0:00:32]} 43. Rxb5 {[%clk 0:01:00]} Bc5
{[%clk 0:00:56]} 44. Rb8+ {[%clk 0:00:56]} Kg7 {[%clk 0:01:15]} 45. Rc8
{[%clk 0:01:09]} Bb4 {[%clk 0:01:39]} 46. Rxc3 {[%clk 0:01:22]} Bxc3
{[%clk 0:02:07]} 47. Bd5 {[%clk 0:01:46]} Nd4 {[%clk 0:02:16]} 1/2-1/2

[Event "1SM"]
[Site "Sharjah Chess Club"]
[Date "2017.03.31"]
[Round "9.8"]
[White "Xu, Yinglun"]
[Black "Amin, Bassem"]
[Result "1/2-1/2"]
[BlackElo "2660"]
[WhiteElo "2540"]
[LiveChessVersion "1.4.8"]

1. d4 {[%clk 1:40:26]} Nf6 {[%clk 1:39:27]} 2. c4 {[%clk 1:40:47]} g6
{[%clk 1:39:22]} 3. Nc3 {[%clk 1:40:56]} Bg7 {[%clk 1:39:45]} 4. e4
{[%clk 1:41:18]} d6 {[%clk 1:40:11]} 5. Be2 {[%clk 1:41:44]} O-O {[%clk 1:40:28]}
6. Nf3 {[%clk 1:41:44]} e5 {[%clk 1:40:49]} 7. O-O {[%clk 1:42:08]} Nc6
{[%clk 1:41:11]} 8. d5 {[%clk 1:42:33]} Ne7 {[%clk 1:41:37]} 9. Bg5
{[%clk 1:42:46]} Nh5 {[%clk 1:41:48]} 10. Bd3 {[%clk 1:42:12]} h6
{[%clk 1:42:06]} 11. Bd2 {[%clk 1:42:35]} Nf4 {[%clk 1:42:19]} 12. Bc2
{[%clk 1:42:59]} Bg4 {[%clk 1:41:35]} 13. h3 {[%clk 1:37:57]} Bh5
{[%clk 1:39:14]} 14. Kh2 {[%clk 1:31:16]} g5 {[%clk 1:39:33]} 15. g4
{[%clk 1:22:13]} Bg6 {[%clk 1:39:55]} 16. Ne2 {[%clk 1:20:58]} c6
{[%clk 1:40:14]} 17. Bc3 {[%clk 1:09:55]} Nxe2 {[%clk 1:38:37]} 18. Qxe2
{[%clk 1:10:23]} cxd5 {[%clk 1:37:46]} 19. cxd5 {[%clk 1:10:49]} Bh7
{[%clk 1:38:01]} 20. Ne1 {[%clk 1:09:20]} Ng6 {[%clk 1:37:58]} 21. Ng2
{[%clk 1:09:01]} Rc8 {[%clk 1:37:44]} 22. Rfc1 {[%clk 1:02:35]} Nf4
{[%clk 1:34:10]} 23. Qf3 {[%clk 0:59:37]} Bg6 {[%clk 1:23:24]} 24. Bd3
{[%clk 0:53:50]} Qe7 {[%clk 1:17:05]} 25. Bf1 {[%clk 0:53:24]} h5
{[%clk 1:10:44]} 26. Ne3 {[%clk 0:53:48]} hxg4 {[%clk 1:05:57]} 27. hxg4
{[%clk 0:54:06]} Bf6 {[%clk 1:05:33]} 28. Bb4 {[%clk 0:53:59]} Qd7
{[%clk 1:04:51]} 29. Rxc8 {[%clk 0:49:56]} Rxc8 {[%clk 1:05:05]} 30. a4
{[%clk 0:50:23]} Kg7 {[%clk 1:04:23]} 31. Kg1 {[%clk 0:49:02]} Rh8
{[%clk 1:03:21]} 32. b3 {[%clk 0:44:19]} Qd8 {[%clk 0:52:57]} 33. Rc1
{[%clk 0:42:01]} a5 {[%clk 0:32:13]} 34. Ba3 {[%clk 0:41:07]} Qb8
{[%clk 0:31:56]} 35. Nc4 {[%clk 0:30:16]} Rd8 {[%clk 0:28:27]} 36. Qe3
{[%clk 0:22:46]} Rd7 {[%clk 0:26:40]} 1/2-1/2

[Event "1SM"]
[Site "Sharjah Chess Club"]
[Date "2017.03.31"]
[Round "9.9"]
[White "Safarli, Eltaj"]
[Black "Idani, Pouya"]
[Result "1-0"]
[BlackElo "2576"]
[WhiteElo "2680"]
[LiveChessVersion "1.4.8"]

1. e4 {[%clk 1:40:14]} c5 {[%clk 1:40:25]} 2. Nf3 {[%clk 1:40:38]} d6
{[%clk 1:40:52]} 3. Nc3 {[%clk 1:41:00]} a6 {[%clk 1:40:45]} 4. g3
{[%clk 1:41:21]} e5 {[%clk 1:38:07]} 5. Bg2 {[%clk 1:40:00]} Nc6 {[%clk 1:36:46]}
6. Nd5 {[%clk 1:40:01]} g6 {[%clk 1:34:58]} 7. c3 {[%clk 1:39:13]} Bg7
{[%clk 1:34:56]} 8. d4 {[%clk 1:38:49]} cxd4 {[%clk 1:29:35]} 9. cxd4
{[%clk 1:38:29]} Nf6 {[%clk 1:28:53]} 10. Nxf6+ {[%clk 1:31:48]} Bxf6
{[%clk 1:28:32]} 11. d5 {[%clk 1:32:01]} Ne7 {[%clk 1:28:53]} 12. Bh6
{[%clk 1:31:13]} Ng8 {[%clk 1:22:00]} 13. Be3 {[%clk 1:29:59]} Bg7
{[%clk 1:22:26]} 14. Qb3 {[%clk 1:23:40]} b5 {[%clk 1:21:17]} 15. a4
{[%clk 1:20:47]} bxa4 {[%clk 1:15:11]} 16. Qxa4+ {[%clk 1:18:30]} Bd7
{[%clk 1:15:17]} 17. Qa3 {[%clk 1:18:28]} Bb5 {[%clk 1:11:33]} 18. Bf1
{[%clk 1:18:14]} Bxf1 {[%clk 1:11:58]} 19. Kxf1 {[%clk 1:18:38]} Nf6
{[%clk 1:12:06]} 20. Qa4+ {[%clk 1:18:35]} Qd7 {[%clk 1:09:38]} 21. Nd2
{[%clk 1:05:24]} O-O 22. Qxd7 {[%clk 0:40:37]} Nxd7 {[%clk 1:06:43]} 23. Nc4
{[%clk 0:40:02]} Rfb8 {[%clk 1:06:59]} 24. Kg2 {[%clk 0:32:42]} Rb4
{[%clk 0:59:16]} 25. Rhc1 {[%clk 0:32:35]} Bf8 {[%clk 0:59:26]} 26. Bd2
{[%clk 0:31:54]} Rb3 {[%clk 0:58:08]} 27. Rc3 {[%clk 0:27:48]} Rb5
{[%clk 0:54:27]} 28. Ra5 {[%clk 0:18:49]} Rab8 {[%clk 0:44:00]} 29. Rxb5
{[%clk 0:17:21]} Rxb5 {[%clk 0:43:45]} 30. Ra3 {[%clk 0:16:44]} f5
{[%clk 0:37:09]} 31. Rxa6 {[%clk 0:13:28]} fxe4 {[%clk 0:37:26]} 32. Nxd6
{[%clk 0:13:29]} Bxd6 {[%clk 0:33:51]} 33. Rxd6 {[%clk 0:13:45]} Rxb2
{[%clk 0:34:15]} 34. Bg5 {[%clk 0:09:51]} Nb6 {[%clk 0:28:05]} 35. Rd8+
{[%clk 0:07:54]} Kf7 {[%clk 0:28:29]} 36. Rb8 {[%clk 0:07:26]} Nc4
{[%clk 0:23:02]} 37. Rc8 {[%clk 0:07:35]} Nd6 {[%clk 0:23:12]} 38. Rc7+
{[%clk 0:06:53]} Kg8 {[%clk 0:23:32]} 39. Rc6 {[%clk 0:06:11]} Nf7
{[%clk 0:20:42]} 40. Bf6 {[%clk 0:04:23]} h5 {[%clk 0:21:00]} 41. Rc8+
{[%clk 0:03:39]} Kh7 {[%clk 0:21:25]} 42. Kf1 {[%clk 0:00:48]} g5
{[%clk 0:20:16]} 43. Rc7 {[%clk 0:01:16]} Kg6 {[%clk 0:20:40]} 44. Rc6
{[%clk 0:01:43]} Rd2 {[%clk 0:18:29]} 45. Be7+ {[%clk 0:01:13]} Kg7
{[%clk 0:18:13]} 46. d6 {[%clk 0:01:41]} g4 {[%clk 0:16:58]} 47. Ke1
{[%clk 0:01:52]} e3 {[%clk 0:15:48]} 48. fxe3 {[%clk 0:02:15]} Rd3
{[%clk 0:16:14]} 49. Rc7 {[%clk 0:00:40]} Rxe3+ {[%clk 0:14:01]} 50. Kd2
{[%clk 0:00:56]} Re4 {[%clk 0:14:28]} 51. Rc3 {[%clk 0:00:36]} Ra4
{[%clk 0:12:58]} 52. d7 {[%clk 0:00:43]} Ra2+ {[%clk 0:11:40]} 53. Ke3
{[%clk 0:01:09]} Rxh2 {[%clk 0:11:55]} 54. d8=Q {[%clk 0:01:02]} Nxd8
{[%clk 0:12:22]} 55. Bxd8 {[%clk 0:01:30]} Kf7 {[%clk 0:12:42]} 56. Rc6
{[%clk 0:01:37]} 1-0